000 00286nam a2200121Ia 4500
008 241002s9999 xx 000 0 und d
082 _a330.1292 CHA
100 _aChapra, M. Umar
245 0 _aEconomic System of Islam
260 _aKarachi:
_c1971
600 _aEconomics
942 _cUC
999 _c18332
_d18332